Was ist es? (Obst und Gemüse) - Statistiken

Allgemein
  • Dieses Quiz wurde 350 mal gespielt
  • Das Durchschnittsergebnis liegt bei 20 aus 38
Antwortstatistiken
Hint Antwort % Korrekt
der Apfel apple
99%
die Banane banana
93%
die Ananas pineapple
90%
die Erdbeere strawberry
87%
die Blaubeere blueberry
85%
die Orange orange
81%
die Kirsche cherry
79%
die Kokosnuss coconut
79%
die Kartoffel potato
77%
die Karotte carrot
72%
die Gurke cucumber
69%
die Tomate tomato
68%
die Wassermelone watermelon
66%
die Birne pear
64%
der Pfirsich peach
60%
die Zitrone lemon
54%
der Pilz mushroom
54%
der Kürbis pumpkin
54%
die Zwiebel onion
53%
die Erbse pea
51%
der Paprika pepper
48%
die Himbeere raspberry
48%
der Spinat spinach
47%
die Pflaume plum
44%
die Limone lime
40%
die Feige fig
39%
die Aubergine eggplant
38%
der Ingwer ginger
38%
der Knoblauch garlic
35%
die Weintraube grape
33%
die Artischocke artichoke
30%
der Blumenkohl cauliflower
28%
die Brombeere blackberry
24%
der Spargel asparagus
22%
das Radieschen radish
18%
der Kohl cabbage
16%
der Rosenkohl brussels sprouts
10%
die Gartenbohne green beans
4%
Keine übereinstimmenden Quizze gefunden
Verteilung der Resultate
Anzahl Personen mit jedem Resultat
Perzentil nach korrekt beantworteten Fragen
Ihre Resultats-Entwicklung
Sie haben dieses Quiz noch nicht gespielt